000
00308nam a22001217a 4500
020
_a
0-13-937095-1
082
_a
621.38853 SUT'U
100
_a
SUTPHIN, S.E
_9
65523
245
_a
UNDERSTANDING SATELLITE TELEVISION RECEPTION
260
_a
NEW JERSEY
_b
PRENTICE HALL
_c
1986
300
_a
XII,111P
942
_c
BK
999
_c
573704
_d
573704